Extension of earlier derogation on arable area payments for farmers hit by wet weather (Record no. 66529)
[ view plain ]
| 000 -LEADER | |
|---|---|
| fixed length control field | 00794cam a2200193 4500 |
| 001 - CONTROL NUMBER | |
| control field | WB3713-32 |
| 008 - FIXED-LENGTH DATA ELEMENTS--GENERAL INFORMATION | |
| fixed length control field | 000000n2001 000 0 eng u |
| 035 ## - SYSTEM CONTROL NUMBER | |
| System control number | (Sirsi) u111657 |
| 245 ## - TITLE STATEMENT | |
| Title | Extension of earlier derogation on arable area payments for farmers hit by wet weather |
| 260 ## - PUBLICATION, DISTRIBUTION, ETC. | |
| Date of publication, distribution, etc. | 2001 |
| 490 ## - SERIES STATEMENT | |
| Series statement | MAFF News Release |
| Volume/sequential designation | (114/01) 23 March 2001, (1) |
| 520 ## - SUMMARY, ETC. | |
| Summary, etc. | European Commission has agreed to extend the previously announced derogation to allow harvesting of crops that are still on set-aside land up to 30 April 2001. This is due to continuing problems of wet weather in many parts of the country. |
| 590 ## - LOCAL NOTE (RLIN) | |
| Local note | WB |
| 650 ## - SUBJECT ADDED ENTRY--TOPICAL TERM | |
| Topical term or geographic name entry element | EUROPEAN COMMISSION |
| 650 ## - SUBJECT ADDED ENTRY--TOPICAL TERM | |
| Topical term or geographic name entry element | ARABLE AREA PAYMENTS |
| 650 ## - SUBJECT ADDED ENTRY--TOPICAL TERM | |
| Topical term or geographic name entry element | SET-ASIDE LAND |
| 690 ## - LOCAL SUBJECT ADDED ENTRY--TOPICAL TERM (OCLC, RLIN) | |
| Topical term or geographic name as entry element | RURAL-AGRICULTURE AND FORESTRY |
| 942 ## - ADDED ENTRY ELEMENTS (KOHA) | |
| Suppress in OPAC | 0 |
| Withdrawn status | Lost status | Source of classification or shelving scheme | Damaged status | Not for loan | Home library | Current library | Shelving location | Date acquired | Total Checkouts | Full call number | Barcode | Date last seen | Copy number | Price effective from | Koha item type |
|---|---|---|---|---|---|---|---|---|---|---|---|---|---|---|---|
| Dewey Decimal Classification | London | London | News article | 27/03/2001 | WB3713-32 | 111657-1001 | 06/08/2019 | 1 | 06/08/2019 | News article |